Teresa de la Parra : del diálogo de géneros y la melancolía /
সংরক্ষণ করুন:
| প্রধান লেখক: | |
|---|---|
| বিন্যাস: | অজ্ঞাত |
| ভাষা: | Spanish |
| প্রকাশিত: |
Caracas, Venezuela :
Monte Ávila Editores Latinoamericana, C. A.,
1995.
|
| বিষয়গুলি: | |
| ট্যাগগুলো: |
ট্যাগ যুক্ত করুন
কোনো ট্যাগ নেই, প্রথমজন হিসাবে ট্যাগ করুন!
|
MARC
| LEADER | 000000000a22000000004500 | ||
|---|---|---|---|
| 001 | 011421 | ||
| 020 | |a 9800109234 | ||
| 041 | 0 | |a spa | |
| 082 | 0 | 4 | |a V863.64 |b P258d |
| 100 | 1 | |a Bohórquez, Douglas, |d 1951- | |
| 245 | 1 | 0 | |a Teresa de la Parra : |b del diálogo de géneros y la melancolía / |c Douglas Bohórquez. |
| 260 | 1 | |a Caracas, Venezuela : |b Monte Ávila Editores Latinoamericana, C. A., |c 1995. | |
| 300 | |a 147 páginas | ||
| 500 | |a Colección George Yúdice | ||
| 650 | 4 | |a LITERATURA VENEZOLANA | |
| 650 | 4 | |a NOVELA | |
| 999 | |c 16713 |d 16713 | ||
| 942 | |c BK |h V863.64 P258d |2 z | ||



